Civilný sporový poriadok. Civilný mimosporový poriadok

Úplné znenie zákona č. 160/2015 Z. z. v znení zákona č. 87/2017 Z. z. - Civilný sporový poriadok a zákona č. 161/2015 Z. z. - Civilný mimosporový poriadok aj s komentárom.

Enregistré dans:
Détails bibliographiques
Auteur principal: Kotová, Janka
Format: Chapitre de livre
Langue:slovaque
Sujets:
Tags: Ajouter un tag
Pas de tags, Soyez le premier à ajouter un tag!

MARC

LEADER 00000naa a2200000 4500
001 0241787
005 20230117072156.7
041 0 |a slo 
044 |a SK 
245 1 0 |a Civilný sporový poriadok. Civilný mimosporový poriadok  |c Janka Kotová 
520 |a Úplné znenie zákona č. 160/2015 Z. z. v znení zákona č. 87/2017 Z. z. - Civilný sporový poriadok a zákona č. 161/2015 Z. z. - Civilný mimosporový poriadok aj s komentárom. 
610 2 0 |a zákony 
610 2 0 |a spory súdne 
610 2 0 |a súdy 
610 2 0 |a istoty právne 
610 2 0 |a ochrana právna 
610 2 0 |a vymožiteľnosť práva 
610 2 0 |a poriadok právny 
100 1 |a Kotová, Janka